Normal view
MARC view
Entry Topical Term
001 - CONTROL NUMBER
- control field: 19138
003 - CONTROL NUMBER IDENTIFIER
- control field: OSt
005 - DATE AND TIME OF LATEST TRANSACTION
- control field: 20201102163500.0
008 - FIXED-LENGTH DATA ELEMENTS
- fixed length control field: 201102|| aca||aabn | a|a d
040 ## - CATALOGING SOURCE
- Original cataloging agency: OSt
- Transcribing agency: OSt
150 ## - HEADING--TOPICAL TERM
- Topical term or geographic name entry element: Medieval Japan; Medieval Europe; Emotions; Holy war; Treason; Rebellion; Defeat; Rules of war
670 ## - SOURCE DATA FOUND
- Source citation: Work cat.: (OSt): Buc, Philippe 19137, Civil war and religion in medieval Japan and medieval Europe: War for the gods, emotions at death and treason
